| 000 | 00887nam a22002537a 4500 | ||
|---|---|---|---|
| 001 | 4634 | ||
| 003 | FISKH | ||
| 005 | 20240918132154.0 | ||
| 008 | 240918b cb ||||| |||| 00| 0 eng d | ||
| 020 | _a9780545154154 | ||
| 040 |
_aFISKH _beng _cFISKH _dFISKH |
||
| 050 | _aPZ7.A6483 | ||
| 082 | _2813.54 | ||
| 100 |
_aApplegate, Katherine _d1956- |
||
| 245 |
_aHome of the brave / _cKatherine Applegate |
||
| 250 | _aPublished in 2007 | ||
| 260 |
_aNew York : _bScholastic, _c2007. |
||
| 300 |
_a249 pages : _c20cm |
||
| 520 | _aKek, an African refugee, is confronted by many strange things at the Minneapolis home of his aunt and cousin, as well as in his fifth grade classroom, and longs for his missing mother, but finds comfort in the company of a cow and her owner. | ||
| 650 |
_2Minnesota _aImmigration |
||
| 650 |
_2Africa _aFriendship |
||
| 942 |
_2ddc _cBK _n0 |
||
| 999 |
_c4634 _d4634 |
||